Mark Hamill Filmography - Statistics

General Stats
  • This quiz has been taken 161 times
    50 since last reset
  • The average score is 24 of 433
Answer Stats
Type Year Name % Correct
Film 1977 Star Wars
93%
Radio Series 1983 Star Wars: The Empire Strikes Back - The Original Radio Drama
86%
Radio Series 1981 Star Wars: The Original Radio Drama
86%
Film 1980 The Empire Strikes Back
86%
Film 1983 Return of the Jedi
79%
Film 2017 Star Wars: The Last Jedi
71%
Film 2019 Star Wars: The Rise of Skywalker
71%
TV Show 1992-1994 Batman: The Animated Series
64%
Video Game 2016 LEGO Star Wars: The Force Awakens
64%
TV Show 1997 Saturday Night Live
64%
Film 2015 Star Wars: The Force Awakens
64%
TV Show 2006 The Batman
64%
TV Film 1978 Star Wars Holiday Special
43%
TV Show 1998 The Simpsons
43%
Film 1993 Batman: Mask of the Phantasm
36%
TV Show 2003 Family Guy
36%
TV Show 2014 Star Wars: The Clone Wars
36%
Film 2025 The Long Walk
36%
Web Series 2019, 2020 The Mandalorian
36%
Film 2016 Batman: The Killing Joke
29%
TV Show 2002-2003 Justice League
29%
TV Show 1991 The Flash
29%
TV Show 2015, 2016 The Flash
29%
Film 2024 The Life of Chuck
29%
Video Game 2009 Batman: Arkham Asylum
21%
Video Game 2011 Batman: Arkham City
21%
Video Game 2015 Batman: Arkham Knight
21%
Film 2019 Child's Play
21%
TV Show 2006 Justice League Unlimited
21%
Film 2014 Kingsman: The Secret Service
21%
TV Show 2009-2017 Regular Show
21%
Film 2015 Regular Show: The Movie
21%
TV Show 2007 SpongeBob SquarePants
21%
TV Show 2017 Teenage Mutant Ninja Turtles
21%
TV Show 2010, 2014 Adventure Time
14%
TV Show 2019 American Dad!
14%
TV Show 2005-2008 Avatar: The Last Airbender
14%
TV Show 2000 Batman Beyond
14%
TV Show 2010 Batman: The Brave and the Bold
14%
TV Show 2013 Criminal Minds
14%
TV Show 1977 eight is enough
14%
TV Show 2014 Gravity Falls
14%
Film 2001 Jay and Silent Bob Strike Back
14%
TV Show 2018 Marvel's Spider-Man
14%
TV Show 1997 Pinky and the Brain
14%
Film 2010 Scooby-Doo! Camp Scare
14%
TV Show 2012 Scooby-Doo! Mystery Incorporated
14%
Film 1992 Sleepwalkers
14%
TV Show 1995-1998 Spider-Man: The Animated Series
14%
TV Show 1997 Superman: The Animated Series
14%
TV Show 2018 The Big Bang Theory
14%
Web Series 2022 The Book of Boba Fett
14%
Film 2023 The Boy and the Heron
14%
TV Show 2011 The Cleveland Show
14%
Web Mini-Series 2023 The Fall of the House of Usher
14%
TV Show 1972 The F.B.I.
14%
Film 2023 The Machine
14%
TV Show 1977, 1978, 1980 The Mike Douglas Show
14%
TV Show 1980 The Muppet Show
14%
Film 1977 Wizards
14%
TV Show 1987 Alfred Hitchcock Presents
7%
TV Show 2017-2019 Avengers Assemble
7%
Video Game 2016 Batman: Arkham VR
7%
Film 2000 Batman Beyond: Return of the Joker
7%
TV Show 2015 Be Cool, Scooby-Doo!
7%
Film 1982 Britannia Hospital
7%
TV Show 1975 Bronk
7%
TV Show 1971 Cannon
7%
Film 2003 Castle in the Sky
7%
TV Show 2011 Chuck
7%
TV Show 2002-2007 Codename: Kids Next Door
7%
TV Film 2006 Codename: Kids Next Door - Operation Z.E.R.O.
7%
TV Show 1999, 2000 .COM
7%
Film 2018 Con Man
7%
Film 1978 Corvette Summer
7%
Music Video 2024 Corvette Summer
7%
TV Show 1998 Cow and Chicken
7%
TV Show 2006 Danny Phantom
7%
Video Game 2010 Darksiders
7%
Film 1989 Fall of the Eagles
7%
Film 1991 Fall of the Eagles
7%
TV Show 1995, 1996 Fantastic Four
7%
Web Series 2023 Futurama
7%
TV Show 1972-1973 General Hospital
7%
TV Show 2010-2012 Generator Rex
7%
TV Show 1970 Headmaster
7%
TV Show 1998 I Am Weasel
7%
TV Show 1974 Insight
7%
Web Series 2021-2025 Invincible
7%
TV Show 1973 Jeannie
7%
TV Show 1997-2004 Johnny Bravo
7%
Film 2024 Justice League: Crisis on Infinite Earths - Part Three
7%
Film 2015 LEGO DC Comics Super Heroes: Justice League - Attack of the Legion of Doom!
7%
Video Game 2018 LEGO DC Super-Villains
7%
Video Game 2015 LEGO Dimensions
7%
TV Show 1975 Lucas Tanner
7%
Web Series 2021 Masters of the Universe: Revelation
7%
TV Show 1976 Medical Center
7%
TV Show 1998 Men in Black: The Series
7%
Film 1990 Midnight Ride
7%
TV Show 1972 Night Gallery
7%
TV Show 1976 One Day at a Time
7%
TV Show 1972, 1973 Owen Marshall, Counselor at Law
7%
TV Show 1975 Petrocelli
7%
Film 2008 Quantum Quest: A Cassini Space Odyssey
7%
TV Show 1973 Room 222
7%
TV Show 2001 Samurai Jack
7%
Web Series 2019, 2020 Scooby-Doo and Guess Who?
7%
Film 2000 Scooby-Doo and the Alien Invaders
7%
Film 2015 Scooby-Doo! Moon Monster Madness
7%
Film 1998 Scooby-Doo on Zombie Island
7%
Film 1994 Silk Degrees
7%
Film 1989 Slipstream
7%
TV Documentary 2015 Star Wars: Evolution of the Lightsaber Duel
7%
TV Show 2002 Static Shock
7%
Film 2012 Sushi Girl
7%
Film 1980 The Big Red One
7%
TV Show 1970 The Bill Cosby Show
7%
Web Series 2019 The Dark Crystal: Age of Resistance
7%
Commercial 1999 'The Force Is Still with Me' - Marsh Supermarkets
7%
Film 1991 The Guyver
7%
TV Show 1996-1997 The Incredible Hulk
7%
Film 2025 The King of Kings
7%
TV Show 1973 The Magician
7%
TV Show 1974 The Manhunter
7%
TV Show 1973 The New Scooby-Doo Movies
7%
Film 1981 The Night the Lights Went Out
7%
TV Show 1971 The Partridge Family
7%
Film 1994 The Raffle
7%
TV Show 1995 The Ren & Stimpy Show
7%
Web Series 2022-2025 The Sandman
7%
Film 2025 The SpongeBob Movie: Search for SquarePants
7%
TV Show 1975, 1977 The Streets of San Francisco
7%
TV Show 1974-1975 The Texas Wheelers
7%
Film 1993 Time Runner
7%
TV Documentary 1997 To the Galaxy and Beyond with Mark Hamill
7%
Web Series 2017-2018 Trollhunters: Tales of Arcadia
7%
TV Show 2002, 2003 What's New, Scooby-Doo?
7%
TV Show 1997 3rd Rock from the Sun
0%
TV Show 1993, 1994 ABC Weekend Special
0%
TV Show 1996, 1998 Adventures from the Book of Virtues
0%
Film 2003 Aero-Troopers: The Nemeclous Crusade
0%
TV Film 2009 Afro Samurai: Resurrection
0%
Documentary 2013 A Fuller Life
0%
Film 2012 Airborne
0%
Theater 1980, 1982-1983 Amadeus
0%
TV Show 1986 Amazing Stories
0%
TV Show 1978 America 2-Night
0%
TV Show 1998 Ancient Voices
0%
Documentary Series 1998 Ancient Voices
0%
TV Show 1993 An Evening at the Improv
0%
Short Film 2017 Arkham Asylum VR Coaster
0%
Video Game 2008 Avatar: The Last Airbender - Into the Inferno
0%
Film 2012 Back to the Sea
0%
Film 2002 Balto II: Wolf Quest
0%
Video Game 2011 Batman: Arkham City Lockdown
0%
Short Film 2005 Batman: New Times
0%
Video Game 2001 Batman: Vengeance
0%
Film 2007 Battle for Terra
0%
Short Film 2002 Baxter and Bananas
0%
TV Show 2014 Ben 10: Omniverse
0%
Short Film 2018 Best Fiends: Baby Slug's Big Day Out
0%
Short Film 2018 Best Fiends: Fort of Hard Knocks
0%
Short Film 2019 Best Fiends: Howie's Gift
0%
Short Film 2017 Best Friends: Boot Camp
0%
Short Film 2017 Best Friends: Visit Minutia
0%
TV Show 2025 Big City Greens
0%
TV Show 1993-1994 Biker Mice from Mars
0%
TV Show 2006 Biker Mice from Mars
0%
TV Show 2002 Birds of Prey
0%
TV Film 1993 Body Bags
0%
TV Show 1994 Bonkers
0%
Video Game 1994 Bouncers
0%
TV Show 2013 Brickleberry
0%
Film 2017 Brigsby Bear
0%
TV Show 1996-1997 Bruno the Kid
0%
Film 1996 Bruno the Kid: The Animated Movie
0%
Film 2017 Bunyan and Babe
0%
TV Show 1994 Burke's Law
0%
Short Film 2003 Burl's
0%
TV Show 2000 Buzz Lightyear of Star Command
0%
Video Game 2005 Call of Duty 2: Big Red One
0%
TV Show 2001 Cartoon Cartoon Fridays
0%
Short Film 2019 Child's Play VR
0%
Film 2006 Choose Your Own Adventure: The Abominable Snowman
0%
TV Show 2003 Clifford the Big Red Dog
0%
Video Game 2005 Codename: Kids Next Door: Operation: V.I.D.E.O.G.A.M.E.
0%
Film 2004 Comic Book: The Movie
0%
Video Game 2001 Crash Bandicoot: The Wrath of Cortex
0%
Video Game 2008 Crash: Mind over Mutant
0%
Web Series 2021 Creepshow
0%
TV Show 2003-2006 Danger Rangers
0%
Film 2010 Dante's Inferno: An Animated Epic
0%
TV Show 2011 Dan Vs.
0%
Video Game 2002 Dark Chronicle
0%
Video Game 2011 DC Universe Online
0%
Video Game 2012 DC Universe Online: The Last Laugh
0%
TV Film 1975 Delancey Street: The Crisis Within
0%
TV Show 2002 Dexter's Laboratory
0%
TV Special 2023 Dick Van Dyke - 98 Years of Magic
0%
TV Show 2017 Dimension 404
0%
Web Series 2024 Disney How NOT to Draw
0%
Web Series 2017, 2018 Dragons: Race to the Edge
0%
TV Show 2012-2014 DreamWorks Dragons
0%
TV Film 1991 Earth Angel
0%
Short Film 2001 Earth Day
0%
TV Show 2020 Elena of Avalor
0%
TV Special 2014 Elf: Buddy's Musical Christmas
0%
TV Film 1975 Eric
0%
Theater 2018 Eugenius!
0%
TV Film 2012 Exchange Student Zero
0%
TV Short 2001 Ferret and Parrot
0%
Documentary 2013 Finnigan's War
0%
Video Game 2001 Forgotten Realms: Icewind Dale - Heart of Winter
0%
TV Show 1995 Freakazoid!
0%
TV Show 1977 Fred Flintstone and Friends
0%
TV Show 1981 Fridays
0%
TV Documentary 1983 From 'Star Wars' to 'Jedi': The Making of a Saga
0%
TV Show 2018 Full Frontal with Samantha Bee
0%
Video Game 1995 Full Throttle
0%
Video Game 2009 Fusionfall
0%
Film 2007 Futurama: Bender's Big Score
0%
Video Game 1993 Gabriel Knight: Sins of the Fathers
0%
TV Show 1994 Garfield and Friends
0%
Film 1999 Gen¹³
0%
Documentary 2015 Go Far: The Christopher Rush Story
0%
Film 2019 Go Fish
0%
Video Game 2002 Grandia Xtreme
0%
TV Show 2002, 2003 Grim & Evil
0%
Film 1998 Hamilton
0%
TV Mini-Series 2001 Hamilton
0%
TV Show 2008 Happy Tree Friends
0%
Theater 1985 Harrigan 'N Hart
0%
TV Show 2005 Harvey Birdman, Attorney at Law
0%
TV Show 2010-2012 Hero Factory
0%
TV Show 1996 Hey Arnold!
0%
TV Film 1993 Hollyrock-a-Bye Baby
0%
TV Show 2000 Hollywood Off-Ramp
0%
TV Special 2018 Hollywood Walk of Fame Ceremony: Mark Hamill
0%
TV Show 1989 Hooperman
0%
Film 2018 Howard Lovecraft and the Kingdom of Madness
0%
Film 2017 Howard Lovecraft & the Undersea Kingdom
0%
TV Show 2005 IGPX: Immortal Grand Prix
0%
Documentary 2013 I Know That Voice
0%
Commercial 2022 Jack in the Box
0%
TV Show 2014-2015 Jake and the Never Land Pirates
0%
TV Show 2005 Jeopardy!
0%
Film 2000 Joseph: King of Dreams
0%
TV Show 2016-2018 Justice League Action
0%
TV Show 1998 Just Shoot Me!
0%
Video Game 2010 Kingdom Hearts Birth by Sleep
0%
Video Game 2019 Kingdom Hearts III
0%
TV Show 2019 Knightfall
0%
TV Show 2016 Kulipari: An Army of Frogs
0%
Web Series 2018 Kulipari: Dream Walker
0%
Film 1994 La Cité de la peur
0%
Film 1997 Laserhawk
0%
Short Documentary 2005 Legends of the Dark Knight: The History of Batman
0%
TV Film 2010 LEGO Hero Factory: Rise of the Rookies
0%
Video Game 2016 LEGO Marvel's Avengers
0%
Web Mini-Series 2024 LEGO Star Wars: Rebuild the Galaxy
0%
Video Game 2016 Let It Die
0%
TV Show 2006 Loonatics Unleashed
0%
TV Film 2019 Lucky
0%
TV Show 1998, 2000 MADtv
0%
TV Film 1976 Mallory: Circumstantial Evidence
0%
TV Show 2016 Man Down
0%
TV Short 2015 Mark Hamill Goes Undercover as a Stormtrooper
0%
Documentary Series 2016-2017 Mark Hamill's Pop Culture Quest
0%
Video Game 2011 Marvel Super Hero Squad: Comic Combat
0%
Video Game 2011 Marvel Super Hero Squad: The Infinity Gauntlet
0%
Video Game 2016 Master of Orion: Conquer the Stars
0%
Web Series 2024 Masters of the Universe: Revolution
0%
TV Show 2006-2013 Metalocalypse
0%
Film 2023 Metalocalypse: Army of the Doomstar
0%
TV Film 2013 Metalocalypse: The Doomstar Requiem - A Klok Opera
0%
TV Show 2015-2018 Miles from Tomorrowland
0%
TV Show 2017-2019 Milo Murphy's Law
0%
TV Show 1995 Mina and the Count
0%
TV Show 2012-2013 Motorcity
0%
Video Game 2024 MultiVersus
0%
TV Show 2007-2009 My Friends Tigger & Pooh
0%
Film 2010 My Friends Tigger & Pooh: Super Duper Super Sleuths
0%
TV Show 2017 Mystery Science Theater 3000
0%
Music Video 2021 My Sweet Lord
0%
Documentary 2009 Mythic Journeys
0%
Documentary Series 2003 Nature
0%
Film 2005 Nausicaä of the Valley of the Wind
0%
TV Show 2019, 2020 New Looney Tunes
0%
TV Show 2017 Nightcap
0%
TV Short 2001 Night of the Living Doo
0%
TV Show 2011 NTSF:SD:SUV::
0%
TV Show 1998, 2000 Oh Yeah! Cartoons
0%
TV Show 2017 Penn Zero: Part-Time Hero
0%
TV Show 1998, 2000 Pepper Ann
0%
TV Show 1994-1995 Phantom 2040
0%
TV Show 2004 Player$
0%
Film 2006 Queer Duck: The Movie
0%
TV Film 2015 Raiders, Raptors and Rebels: Behind the Magic of ILM
0%
TV Show 2007 Random! Cartoons
0%
TV Film 2002 Rapsittie Street Kids: Believe in Santa
0%
TV Mini-Series 1994 Red Planet
0%
Film 2003 Reeseville
0%
TV Show 2026 Regular Show: Lost Tapes
0%
TV Special 2017 Regular Show: Space Worm
0%
TV Short 2016 Regular Show: The 1973 Tetherball Championship Trophy
0%
TV Special 2016 Regular Show: Time Loop
0%
TV Film TBA Relatively Super
0%
Film 2005 Repetition
0%
Short Film 1982 Return of the Ewok
0%
TV Show 2008 Rick & Steve: The Happiest Gay Couple in the World
0%
TV Show 2020 Rise of the Teenage Mutant Ninja Turtles
0%
TV Show 2005-2019 Robot Chicken
0%
TV Special 2007 Robot Chicken: Star Wars
0%
Film 2006 Robotech: The Shadow Chronicles
0%
TV Show 2002 Rocket Power
0%
Theater 1986 Room Service
0%
Web Series 2020 Royalties
0%
TV Film 1975 Sarah T. - Portrait of a Teenage Alcoholic
0%
Film TBA Scoob! Holiday Haunt
0%
TV Show 1995 SeaQuest 2032
0%
TV Show 2012 Secret Mountain Fort Awesome
0%
Film 2000 Sinbad: Beyond the Veil of Mists
0%
Theater 2003 Six Dance Lessons in Six Weeks
0%
Video Game 2002 Soldier of Fortune II: Double Helix
0%
TV Show 2000, 2001, 2002 Son of the Beach
0%
TV Show 1996 Space Cases
0%
TV Show 1997 Space Ghost Coast to Coast
0%
TV Documentary 1980 SP FX: Special Effects - The Empire Strikes Back
0%
Video Game 2026 Squadron 42
0%
Video Game 1999 Starsiege
0%
Web Series 2018 Star Wars Forces of Destiny
0%
TV Show 2003 Stripperella
0%
TV Show 2003 Stuart Little: The Animated Series
0%
TV Show 2004-2006 Super Robot Monkey Team Hyperforce Go!
0%
Documentary Series 1998 Super Structures of the World
0%
TV Show 1993-1994 SWAT Kats: The Radical Squadron
0%
Podcast 2024 Table Read Podcast
0%
TV Show 2008-2013 Tasty Time with ZeFronk
0%
TV Show 2002, 2003 Teamo Supremo
0%
Film 2001 Thank You, Good Night
0%
Award Show 1980 The 1980 Sci-Fi Awards
0%
Video Game 1995 The Adventures of Batman & Robin
0%
Video Game 1996 The Adventures of Batman & Robin Activity Center
0%
Audiobook 1983 The Adventures of Pinocchio
0%
Web Series 2019 The Adventures of Rocky and Bullwinkle
0%
TV Show 2010 The Avengers: Earth's Mightiest Heroes
0%
TV Film 1997 The Batman Superman Movie: World's Finest
0%
TV Documentary 2003 The Blockbuster Imperative
0%
TV Show 1997 The Blues Brothers Animated Series
0%
TV Show 2010 The Boondocks
0%
TV Show 2007 The Bronx Bunny Show
0%
TV Short 1999 The Christmas Lamb
0%
TV Film 1977 The City
0%
Short Film 2005 The Complete Robin Storyboard Sequence
0%
Theater 1979, 1981 The Elephant Man
0%
TV Show 2008, 2009, 2013 The Garfield Show
0%
Short Documentary 2007 The Green Arrow: Legend of the Emerald Archer
0%
TV Short 2014 The Halloween Pranksta
0%
Web Series 2022 The Kids in the Hall
0%
Web Series 2020 The Last Kids on Earth
0%
TV Mini-Series 1997 The Legend of Calamity Jane
0%
Film 2018 The Legend of Hallowaiian
0%
TV Show 1992 The Legend of Prince Valiant
0%
Video Game 2008 The Legend of Spyro: Dawn of the Dragon
0%
TV Show 1993 The Little Mermaid
0%
Film 2011 Thelomeris
0%
TV Documentary 2001 The Man Who Walks with Bears
0%
Documentary Mini-Series 2002 The National Body Challenge
0%
TV Show 2013 The Neighbors
0%
Theater 1987 The Nerd
0%
TV Show 1997-1999 The New Batman Adventures
0%
TV Show 1999-2001 The New Woody Woodpecker Show
0%
TV Film 1999 The Night of the Headless Horseman
0%
TV Show 2001 The Oblongs
0%
TV Show 1996 The Outer Limits
0%
TV Show 1999, 2000 The Powderpuff Girls
0%
Short Documentary 2010 The Powerhouse of the Universe: Stars
0%
TV Show 2017 The President Show
0%
TV Show 2011 The Problem Solverz
0%
TV Show 1996, 1997 The Real Adventures of Jonny Quest
0%
TV Show 1996 The Savage Dragon
0%
TV Show 1997 The Sci-Fi Files
0%
Video Game 2002 The Scorpion King: Rise of the Akkadian
0%
Audiobook 2003-2009 The Spiderwick Chronicles
0%
TV Show 1996 The Spooktacular New Adventures of Caspar
0%
TV Show 2018, 2019 The Stinky & Dirty Show
0%
TV Show 2010-2011 The Super Hero Squad Show
0%
TV Show 1996 The Tick: The Animated Series
0%
TV Show 2018 The Venture Bros.
0%
TV Show 2004 The Wrong Coast
0%
Film 2005 Thru the Moebius Strip
0%
Film 2009 Tigger & Pooh and a Musical Too
0%
TV Show 2001-2003 Time Squad
0%
Short Film 2014 Tom and Jerry: Santa's Little Helpers
0%
Film 2006 Tom and Jerry: Shiver Me Whiskers
0%
TV Show 2002 Totally Spies!
0%
Web Mini-Series 2018 Transformers: Power of the Primes
0%
TV Show 2014-2016 Transformers: Rescue Bots
0%
Web Mini-Series 2018 Transformers: Titans Return
0%
Web Series 2013, 2014 Turbo FAST
0%
Commercial 2020 Uber Eats
0%
Film 2006 Ultimate Avengers 2
0%
TV Show 2012-2016 Ultimate Spider-Man
0%
TV Show 2016 Uncle Grandpa
0%
TV Film 1993 Une image de trop
0%
Documentary Series 1996, 1997, 1998 Unnatural History
0%
Video Game 2016 View-Master Batman Animated VR
0%
Film 1995 Village of the Damned
0%
TV Show 2001 V.I.P.
0%
Film 2013 Virtually Heroes
0%
Film 1999 Walking Across Egypt
0%
TV Show 1999 Warp
0%
Film 1998 Watchers Reborn
0%
TV Documentary 2005 Watch the Skies!: Science Fiction, the 1950s and Us
0%
Web Series 2019 Weird City
0%
TV Show 1995, 1997 What a Cartoon!
0%
TV Show 1995 What-a-Mess
0%
TV Show 2020 What We Do in the Shadows
0%
TV Film 1997 When Time Expires
0%
TV Show 1993 Wild West C.O.W.-Boys of Moo Mesa
0%
Film 1999 Wing Commander
0%
TV Show 1996 Wing Commander Academy
0%
Video Game 1994 Wing Commander III: Heart of the Tiger
0%
Video Game 1996 Wing Commander IV: The Price of Freedom
0%
Video Game 1997 Wing Commander: Prophecy
0%
Web Mini-Series 2020 Wizards: Tales of Arcadia
0%
Short Film 2004 Wolf Tracer's Dinosaur Island
0%
Audiobook 2006 World War Z
0%
Video Game 2003 X2: Wolverine's Revenge
0%
Video Game 2005 Yakuza
0%
TV Show 2010 Zevo-3
0%
TV Show 1997-1998 Zorro
0%
No matching quizzes found
Score Distribution
Percent of People with Each Score
Percentile by Number Answered
Your Score History
You have not taken this quiz since the last reset